The Nature of the firm : origins, evolution, and development

Αποθηκεύτηκε σε:
Λεπτομέρειες βιβλιογραφικής εγγραφής
Άλλοι συγγραφείς: Williamson, Oliver E. (Επιμελητής έκδοσης), Winter, Sidney G. (Επιμελητής έκδοσης)
Μορφή: Βιβλίο
Γλώσσα:English
Δημοσίευση: New York, N.Y. : Oxford University Press, 1993
Θέματα:
Ετικέτες: Προσθήκη ετικέτας
Δεν υπάρχουν, Καταχωρήστε ετικέτα πρώτοι!

MARC

LEADER 00000nam a2200000 i 4500
001 1/32273
008 970408s1993 eng d
020 |a 0195083563 ((pbk.)) 
035 |l 10023730 
040 |a GR-MY-UA  |b gre  |e aacr 
041 0 |a eng 
082 0 |a 338.5  |2 (20) 
245 1 4 |a The Nature of the firm :  |b origins, evolution, and development /  |c edited by Oliver E. Williamson, Sidney G. Winter 
260 |a New York, N.Y. :   |b Oxford University Press,   |c 1993 
300 |a p. cm. 
504 |a Includes bibliographical references and index 
650 0 0 |a Industrial organization (Economic theory) 
700 1 |a Williamson, Oliver E.  |4 edt 
700 1 |a Winter, Sidney G.  |4 edt 
852 |a INST  |b CHIOS  |e 19970408  |h 338.5 NAT  |p 005200010627  |q 005200010627  |t BK  |y 4  |x 20120518 
909 |a Χ  |b 031212